000 00858nam a22002057a 4500
999 _c12564
_d12564
003 AR-CdUCM
008 190409b ||||| |||| 00| 0 spa d
040 _aMUNICIPALIDAD PROVINCIAL DEL CUSCO
_cBIBLIOTECA MUNICIPAL DEL CUSCO
082 _a343.9 /
_bN94
100 _aNuñez Borja, Humberto
_911827
245 _aAnteproyectos de ley orgánica de municipalidades y la institución municipal en el Perú /
260 _aArequípa :
_bFacultad de derecho de la universidad nacional de San Agustín consejo provincial de Arequípa,
300 _a558 páginas ;
_c25 cm.
505 _aContenido : Nuestro propósito -- Anteproyectos de ley orgánica de municipalidades -- Ley de municipalidades de 1873 ...
650 _aLeyes
_94808
650 _aMunicipalidades
_930449
650 _aArequípa
_91703
942 _2ddc
_cPP
945 _arah
_d09/04/2019